[Event "April 9 Early 2024"]
[Site "Chess.com"]
[Date "2024.04.09"]
[Round "8"]
[White "Piddubna, Bozhena"]
[Black "Carrasco Miranda, Andres"]
[Result "0-1"]
[Board "198"]
[WhiteFideId "34109293"]
[BlackFideId "3405990"]
[WhiteTitle "WCM"]
[BlackTitle "CM"]
[WhiteElo "2194"]
[BlackElo "2335"]
[WhiteTeam "UKR"]
[BlackTeam "CHI"]
[WhiteClock "0:00:02"]
[BlackClock "0:00:18"]
[Variant "Standard"]

1. c4 {[%clk 0:03:00]}  Nf6 {[%clk 0:02:57]} 2. Nf3 {[%clk 0:02:57]}  g6 {[%clk 0:02:56]} 3. d4 {[%clk 0:02:57]}  Bg7 {[%clk 0:02:55]} 4. Nc3 {[%clk 0:02:58]}  O-O {[%clk 0:02:53]} 5. g3 {[%clk 0:02:57]}  c5 {[%clk 0:02:53]} 6. Bg2 {[%clk 0:02:51]}  cxd4 {[%clk 0:02:50]} 7. Nxd4 {[%clk 0:02:50]}  Nc6 {[%clk 0:02:50]} 8. Nc2 {[%clk 0:02:47]}  d6 {[%clk 0:02:45]} 9. b3 {[%clk 0:02:41]}  Qa5 {[%clk 0:02:31]} 10. Bd2 {[%clk 0:02:26]}  Qh5 {[%clk 0:02:23]} 11. O-O {[%clk 0:02:18]}  Bh3 {[%clk 0:02:21]} 12. Rc1 {[%clk 0:02:00]}  Ng4 {[%clk 0:02:16]} 13. f4 {[%clk 0:00:39]}  Bxg2 {[%clk 0:01:52]} 14. Kxg2 {[%clk 0:00:40]}  Qxh2+ {[%clk 0:01:52]} 15. Kf3 {[%clk 0:00:40]}  Nge5+ {[%clk 0:01:15]} 16. fxe5 {[%clk 0:00:30]}  Nxe5+ {[%clk 0:01:16]} 17. Ke4 {[%clk 0:00:23]}  f5+ {[%clk 0:01:11]} 18. Kd5 {[%clk 0:00:20]}  Rac8 {[%clk 0:01:01]} 19. Be3 {[%clk 0:00:06]}  Ng4 {[%clk 0:00:38]} 20. Qd2 {[%clk 0:00:02]}  e6+ {[%clk 0:00:33]} 21. Kxe6 {[%clk 0:00:03]}  Rfe8+ {[%clk 0:00:34]} 22. Kd7 {[%clk 0:00:03]}  Nf6+ {[%clk 0:00:27]} 23. Kxd6 {[%clk 0:00:02]}  Qxg3+ {[%clk 0:00:21]} 24. Bf4 {[%clk 0:00:02]}  Rc6# {[%clk 0:00:18]} 0-1

[Event "April 9 Early 2024"]
[Site "Chess.com"]
[Date "2024.04.09"]
[Round "8"]
[White "Misailovic, Nebojsa"]
[Black "Gazineu Neto, Rubens"]
[Result "1-0"]
[Board "201"]
[WhiteFideId "903175"]
[BlackFideId "2174685"]
[WhiteTitle "IM"]
[WhiteElo "2462"]
[BlackElo "2013"]
[WhiteTeam "SRB"]
[BlackTeam "BRA"]
[WhiteClock "0:00:28"]
[BlackClock "0:00:00"]
[Variant "Standard"]

1. d4 {[%clk 0:03:00]}  d5 {[%clk 0:02:54]} 2. c4 {[%clk 0:03:00]}  c6 {[%clk 0:02:54]} 3. Nf3 {[%clk 0:03:00]}  Nf6 {[%clk 0:02:55]} 4. Nc3 {[%clk 0:03:01]}  dxc4 {[%clk 0:02:55]} 5. e4 {[%clk 0:03:01]}  b5 {[%clk 0:02:54]} 6. e5 {[%clk 0:03:01]}  Nd5 {[%clk 0:02:25]} 7. a4 {[%clk 0:03:00]}  b4 {[%clk 0:02:22]} 8. Ne4 {[%clk 0:02:59]}  Bf5 {[%clk 0:02:21]} 9. Nc5 {[%clk 0:02:56]}  e6 {[%clk 0:02:18]} 10. Bxc4 {[%clk 0:02:53]}  Bxc5 {[%clk 0:02:14]} 11. dxc5 {[%clk 0:02:53]}  Nd7 {[%clk 0:02:11]} 12. Bxd5 {[%clk 0:02:21]}  exd5 {[%clk 0:02:08]} 13. Be3 {[%clk 0:02:18]}  Qa5 {[%clk 0:01:58]} 14. Nd4 {[%clk 0:02:01]}  Be6 {[%clk 0:01:29]} 15. Nxc6 {[%clk 0:01:55]}  Qc7 {[%clk 0:01:26]} 16. Nxb4 {[%clk 0:01:52]}  Qxe5 {[%clk 0:01:26]} 17. O-O {[%clk 0:01:47]}  O-O {[%clk 0:01:22]} 18. c6 {[%clk 0:01:43]}  Nf6 {[%clk 0:01:15]} 19. Bd4 {[%clk 0:01:43]}  Qg5 {[%clk 0:01:13]} 20. Bxf6 {[%clk 0:01:32]}  gxf6 {[%clk 0:01:12]} 21. f4 {[%clk 0:01:31]}  Qf5 {[%clk 0:01:00]} 22. Qd4 {[%clk 0:01:23]}  a5 {[%clk 0:00:54]} 23. Nd3 {[%clk 0:01:21]}  Rfc8 {[%clk 0:00:49]} 24. Rac1 {[%clk 0:01:20]}  Rab8 {[%clk 0:00:46]} 25. Rc3 {[%clk 0:01:16]}  Qe4 {[%clk 0:00:37]} 26. Qxf6 {[%clk 0:00:55]}  d4 {[%clk 0:00:21]} 27. Nc5 {[%clk 0:00:30]}  Qd5 {[%clk 0:00:00]} 28. Rg3+ {[%clk 0:00:28]} 1-0

[Event "April 9 Early 2024"]
[Site "Chess.com"]
[Date "2024.04.09"]
[Round "8"]
[White "Shyam Gandhi"]
[Black "Castellanos Hernandez, Lhia Itzayana"]
[Result "1-0"]
[Board "203"]
[WhiteFideId "2052008"]
[BlackFideId "5123569"]
[BlackTitle "WCM"]
[WhiteElo "2171"]
[BlackElo "2389"]
[WhiteTeam "USA"]
[BlackTeam "MEX"]
[WhiteClock "0:00:26"]
[BlackClock "0:00:00"]
[Variant "Standard"]

1. d4 {[%clk 0:02:56]}  Nf6 {[%clk 0:02:58]} 2. Nc3 {[%clk 0:02:55]}  g6 {[%clk 0:02:46]} 3. Bf4 {[%clk 0:02:52]}  Bg7 {[%clk 0:02:44]} 4. h3 {[%clk 0:02:51]}  O-O {[%clk 0:02:41]} 5. e3 {[%clk 0:02:50]}  d5 {[%clk 0:02:36]} 6. Nb5 {[%clk 0:02:44]}  Na6 {[%clk 0:02:29]} 7. c4 {[%clk 0:02:44]}  c6 {[%clk 0:02:18]} 8. Nc3 {[%clk 0:02:41]}  Re8 {[%clk 0:02:08]} 9. cxd5 {[%clk 0:02:41]}  Nxd5 {[%clk 0:02:06]} 10. Nxd5 {[%clk 0:02:39]}  cxd5 {[%clk 0:02:07]} 11. Bxa6 {[%clk 0:02:39]}  Qa5+ {[%clk 0:02:07]} 12. Qd2 {[%clk 0:02:38]}  Qxa6 {[%clk 0:02:08]} 13. Ne2 {[%clk 0:02:37]}  Bf5 {[%clk 0:01:54]} 14. O-O {[%clk 0:02:36]}  Rac8 {[%clk 0:01:53]} 15. Nc3 {[%clk 0:02:37]}  h5 {[%clk 0:01:48]} 16. Nxd5 {[%clk 0:02:10]}  Rc2 {[%clk 0:01:47]} 17. Qb4 {[%clk 0:02:10]}  Qc4 {[%clk 0:00:45]} 18. Nxe7+ {[%clk 0:02:00]}  Kh7 {[%clk 0:00:44]} 19. Qxc4 {[%clk 0:01:56]}  Rxc4 {[%clk 0:00:45]} 20. Nxf5 {[%clk 0:01:56]}  gxf5 {[%clk 0:00:45]} 21. Rfc1 {[%clk 0:01:57]}  Rec8 {[%clk 0:00:45]} 22. Rxc4 {[%clk 0:01:51]}  Rxc4 {[%clk 0:00:46]} 23. b3 {[%clk 0:01:48]}  Rc2 {[%clk 0:00:30]} 24. a3 {[%clk 0:01:36]}  Bf8 {[%clk 0:00:29]} 25. b4 {[%clk 0:01:36]}  Kg6 {[%clk 0:00:23]} 26. Bb8 {[%clk 0:01:35]}  a6 {[%clk 0:00:16]} 27. Ba7 {[%clk 0:01:35]}  Bd6 {[%clk 0:00:14]} 28. Bc5 {[%clk 0:01:35]}  Bc7 {[%clk 0:00:15]} 29. a4 {[%clk 0:01:23]}  f6 {[%clk 0:00:14]} 30. Rd1 {[%clk 0:01:20]}  f4 {[%clk 0:00:13]} 31. e4 {[%clk 0:01:17]}  Kf7 {[%clk 0:00:13]} 32. d5 {[%clk 0:01:13]}  Rc4 {[%clk 0:00:14]} 33. d6 {[%clk 0:01:12]}  Bd8 {[%clk 0:00:14]} 34. f3 {[%clk 0:01:06]}  b6 {[%clk 0:00:13]} 35. Bf2 {[%clk 0:01:01]}  Rxb4 {[%clk 0:00:14]} 36. Rc1 {[%clk 0:00:58]}  Ke6 {[%clk 0:00:13]} 37. Rc8 {[%clk 0:00:58]}  Kd7 {[%clk 0:00:14]} 38. Rb8 {[%clk 0:00:55]}  b5 {[%clk 0:00:12]} 39. Rb7+ {[%clk 0:00:50]}  Kxd6 {[%clk 0:00:11]} 40. axb5 {[%clk 0:00:44]}  Rb1+ {[%clk 0:00:12]} 41. Kh2 {[%clk 0:00:43]}  Rxb5 {[%clk 0:00:12]} 42. Rh7 {[%clk 0:00:41]}  a5 {[%clk 0:00:11]} 43. Be1 {[%clk 0:00:39]}  a4 {[%clk 0:00:11]} 44. Bd2 {[%clk 0:00:40]}  a3 {[%clk 0:00:11]} 45. Bxf4+ {[%clk 0:00:39]}  Ke6 {[%clk 0:00:11]} 46. Ra7 {[%clk 0:00:39]}  Be7 {[%clk 0:00:11]} 47. Ra6+ {[%clk 0:00:35]}  Kf7 {[%clk 0:00:10]} 48. Ra7 {[%clk 0:00:35]}  Kf8 {[%clk 0:00:10]} 49. Bh6+ {[%clk 0:00:32]}  Ke8 {[%clk 0:00:10]} 50. Kg3 {[%clk 0:00:31]}  Rb2 {[%clk 0:00:07]} 51. Kf4 {[%clk 0:00:30]}  Rxg2 {[%clk 0:00:05]} 52. Kf5 {[%clk 0:00:30]}  Kf7 {[%clk 0:00:05]} 53. Be3 {[%clk 0:00:29]}  Rc2 {[%clk 0:00:05]} 54. Bd4 {[%clk 0:00:27]}  Ke8 {[%clk 0:00:02]} 55. Bxf6 {[%clk 0:00:26]}  Bxf6 {[%clk 0:00:03]} 56. Kxf6 {[%clk 0:00:26]}  a2 {[%clk 0:00:00]} 57. Kg5 {[%clk 0:00:26]} 1-0

[Event "April 9 Early 2024"]
[Site "Chess.com"]
[Date "2024.04.09"]
[Round "8"]
[White "Guevara Sanchez, Erick Marvin"]
[Black "Postnikov, Artem"]
[Result "1-0"]
[Board "204"]
[WhiteFideId "6700136"]
[BlackFideId "34153575"]
[WhiteTitle "FM"]
[BlackTitle "FM"]
[WhiteElo "2168"]
[BlackElo "2379"]
[WhiteTeam "ESA"]
[BlackTeam "RUS"]
[WhiteClock "0:00:14"]
[BlackClock "0:00:00"]
[Variant "Standard"]

1. e4 {[%clk 0:03:00]}  e6 {[%clk 0:02:59]} 2. d4 {[%clk 0:03:00]}  d5 {[%clk 0:03:00]} 3. Bd3 {[%clk 0:03:01]}  c5 {[%clk 0:03:00]} 4. exd5 {[%clk 0:02:59]}  Qxd5 {[%clk 0:02:58]} 5. Qe2 {[%clk 0:02:25]}  cxd4 {[%clk 0:02:40]} 6. c3 {[%clk 0:02:15]}  dxc3 {[%clk 0:02:35]} 7. Nxc3 {[%clk 0:02:14]}  Bb4 {[%clk 0:02:35]} 8. Bd2 {[%clk 0:02:07]}  Bxc3 {[%clk 0:02:34]} 9. Bxc3 {[%clk 0:02:07]}  Nf6 {[%clk 0:02:30]} 10. Rd1 {[%clk 0:01:53]}  Bd7 {[%clk 0:02:10]} 11. Nf3 {[%clk 0:01:50]}  Nc6 {[%clk 0:01:59]} 12. h4 {[%clk 0:01:47]}  Qxa2 {[%clk 0:01:48]} 13. h5 {[%clk 0:01:45]}  h6 {[%clk 0:01:47]} 14. Rh4 {[%clk 0:01:34]}  O-O-O {[%clk 0:01:38]} 15. Ne5 {[%clk 0:01:23]}  Nxe5 {[%clk 0:01:38]} 16. Bxe5 {[%clk 0:01:22]}  Bc6 {[%clk 0:01:30]} 17. Rc4 {[%clk 0:01:12]}  Qa5+ {[%clk 0:01:29]} 18. Kf1 {[%clk 0:01:09]}  Nd5 {[%clk 0:01:28]} 19. Rdc1 {[%clk 0:01:02]}  f6 {[%clk 0:01:10]} 20. Rc5 {[%clk 0:00:37]}  Qb6 {[%clk 0:00:51]} 21. Bb5 {[%clk 0:00:37]}  fxe5 {[%clk 0:00:46]} 22. Bxc6 {[%clk 0:00:34]}  Kb8 {[%clk 0:00:24]} 23. Rb5 {[%clk 0:00:34]}  bxc6 {[%clk 0:00:16]} 24. Rxb6+ {[%clk 0:00:33]}  Nxb6 {[%clk 0:00:16]} 25. Qxe5+ {[%clk 0:00:32]}  Ka8 {[%clk 0:00:15]} 26. Qxe6 {[%clk 0:00:31]}  Rhe8 {[%clk 0:00:14]} 27. Qxc6+ {[%clk 0:00:30]}  Kb8 {[%clk 0:00:13]} 28. Qc7+ {[%clk 0:00:29]}  Ka8 {[%clk 0:00:13]} 29. Ra1 {[%clk 0:00:28]}  Nc8 {[%clk 0:00:04]} 30. Qc6+ {[%clk 0:00:20]}  Kb8 {[%clk 0:00:05]} 31. g3 {[%clk 0:00:20]}  Nb6 {[%clk 0:00:05]} 32. Qg6 {[%clk 0:00:16]}  Rd7 {[%clk 0:00:03]} 33. Qc6 {[%clk 0:00:15]}  Red8 {[%clk 0:00:00]} 34. Ra6 {[%clk 0:00:14]} 1-0

[Event "April 9 Early 2024"]
[Site "Chess.com"]
[Date "2024.04.09"]
[Round "8"]
[White "Pertinez Soria, Juan Luis"]
[Black "Topalov, Aleksandar"]
[Result "0-1"]
[Board "205"]
[WhiteFideId "2225620"]
[BlackFideId "925659"]
[WhiteTitle "CM"]
[BlackTitle "CM"]
[WhiteElo "2153"]
[BlackElo "2325"]
[WhiteTeam "ESP"]
[BlackTeam "SRB"]
[WhiteClock "0:00:13"]
[BlackClock "0:01:13"]
[Variant "Standard"]

1. e4 {[%clk 0:02:46]}  e6 {[%clk 0:03:00]} 2. d4 {[%clk 0:02:44]}  d5 {[%clk 0:03:00]} 3. Nc3 {[%clk 0:02:39]}  Bb4 {[%clk 0:02:59]} 4. e5 {[%clk 0:02:39]}  Qd7 {[%clk 0:02:58]} 5. f4 {[%clk 0:02:33]}  h5 {[%clk 0:02:56]} 6. Nf3 {[%clk 0:02:33]}  b6 {[%clk 0:02:56]} 7. Bd3 {[%clk 0:02:30]}  g6 {[%clk 0:02:54]} 8. O-O {[%clk 0:02:28]}  Ba6 {[%clk 0:02:53]} 9. Bxa6 {[%clk 0:02:24]}  Nxa6 {[%clk 0:02:52]} 10. Ne2 {[%clk 0:02:20]}  Be7 {[%clk 0:02:49]} 11. c3 {[%clk 0:02:19]}  c5 {[%clk 0:02:48]} 12. a4 {[%clk 0:02:17]}  Nb8 {[%clk 0:02:46]} 13. a5 {[%clk 0:02:17]}  b5 {[%clk 0:02:46]} 14. a6 {[%clk 0:02:16]}  Nc6 {[%clk 0:02:45]} 15. dxc5 {[%clk 0:02:17]}  Bxc5+ {[%clk 0:02:44]} 16. Ned4 {[%clk 0:02:17]}  Nxd4 {[%clk 0:02:42]} 17. Nxd4 {[%clk 0:02:15]}  Nh6 {[%clk 0:02:39]} 18. Kh1 {[%clk 0:02:15]}  Bxd4 {[%clk 0:02:33]} 19. Qxd4 {[%clk 0:02:14]}  Nf5 {[%clk 0:02:32]} 20. Qb4 {[%clk 0:02:13]}  Rb8 {[%clk 0:02:27]} 21. Rd1 {[%clk 0:02:08]}  Qc7 {[%clk 0:02:26]} 22. Ra5 {[%clk 0:02:00]}  Qb6 {[%clk 0:02:23]} 23. b3 {[%clk 0:01:53]}  h4 {[%clk 0:02:23]} 24. h3 {[%clk 0:01:19]}  Ng3+ {[%clk 0:02:02]} 25. Kh2 {[%clk 0:01:09]}  Ne4 {[%clk 0:02:01]} 26. Ra2 {[%clk 0:00:56]}  Qc7 {[%clk 0:01:55]} 27. Rd3 {[%clk 0:00:50]}  Qe7 {[%clk 0:01:50]} 28. Ba3 {[%clk 0:00:45]}  Qxb4 {[%clk 0:01:48]} 29. Bxb4 {[%clk 0:00:46]}  Kd7 {[%clk 0:01:45]} 30. Ba3 {[%clk 0:00:38]}  Rhc8 {[%clk 0:01:43]} 31. Bb4 {[%clk 0:00:28]}  Rc6 {[%clk 0:01:38]} 32. g4 {[%clk 0:00:22]}  hxg3+ {[%clk 0:01:37]} 33. Kg2 {[%clk 0:00:22]}  Rbc8 {[%clk 0:01:36]} 34. h4 {[%clk 0:00:18]}  Nxc3 {[%clk 0:01:32]} 35. Bxc3 {[%clk 0:00:18]}  Rxc3 {[%clk 0:01:31]} 36. Rxc3 {[%clk 0:00:16]}  Rxc3 {[%clk 0:01:30]} 37. b4 {[%clk 0:00:16]}  Kc6 {[%clk 0:01:28]} 38. f5 {[%clk 0:00:15]}  exf5 {[%clk 0:01:27]} 39. Rd2 {[%clk 0:00:13]}  f4 {[%clk 0:01:24]} 40. Rd1 {[%clk 0:00:09]}  Rc2+ {[%clk 0:01:20]} 41. Kf3 {[%clk 0:00:08]}  Rf2+ {[%clk 0:01:20]} 42. Kg4 {[%clk 0:00:08]}  g2 {[%clk 0:01:20]} 43. Rg1 {[%clk 0:00:08]}  f3 {[%clk 0:01:20]} 44. e6 {[%clk 0:00:09]}  fxe6 {[%clk 0:01:20]} 45. Kg3 {[%clk 0:00:09]}  Rf1 {[%clk 0:01:20]} 46. Kh2 {[%clk 0:00:09]}  Rxg1 {[%clk 0:01:19]} 47. Kxg1 {[%clk 0:00:10]}  d4 {[%clk 0:01:17]} 48. Kf2 {[%clk 0:00:11]}  d3 {[%clk 0:01:16]} 49. Ke1 {[%clk 0:00:11]}  g1=Q+ {[%clk 0:01:16]} 50. Kd2 {[%clk 0:00:11]}  f2 {[%clk 0:01:14]} 51. h5 {[%clk 0:00:12]}  f1=Q {[%clk 0:01:13]} 52. hxg6 {[%clk 0:00:12]}  Qe2+ {[%clk 0:01:14]} 53. Kc3 {[%clk 0:00:13]}  Qc1+ {[%clk 0:01:14]} 54. Kd4 {[%clk 0:00:13]}  Qc4# {[%clk 0:01:13]} 0-1

[Event "April 9 Early 2024"]
[Site "Chess.com"]
[Date "2024.04.09"]
[Round "8"]
[White "Mena, Martin"]
[Black "Blokhin, Sofia"]
[Result "0-1"]
[Board "207"]
[WhiteFideId "10651225"]
[BlackFideId "4508190"]
[WhiteTitle "FM"]
[BlackTitle "WFM"]
[WhiteElo "2140"]
[BlackElo "2255"]
[WhiteTeam "EGY"]
[BlackTeam "EST"]
[WhiteClock "0:00:02"]
[BlackClock "0:00:06"]
[Variant "Standard"]

1. c4 {[%clk 0:02:56]}  c5 {[%clk 0:02:59]} 2. g3 {[%clk 0:02:55]}  Nf6 {[%clk 0:02:57]} 3. Bg2 {[%clk 0:02:54]}  d5 {[%clk 0:02:57]} 4. cxd5 {[%clk 0:02:52]}  Nxd5 {[%clk 0:02:58]} 5. Nc3 {[%clk 0:02:52]}  Nc7 {[%clk 0:02:57]} 6. Nf3 {[%clk 0:02:46]}  Nc6 {[%clk 0:02:56]} 7. O-O {[%clk 0:02:46]}  e5 {[%clk 0:02:55]} 8. d3 {[%clk 0:02:45]}  Be7 {[%clk 0:02:55]} 9. Nd2 {[%clk 0:02:44]}  O-O {[%clk 0:02:53]} 10. Nc4 {[%clk 0:02:43]}  f6 {[%clk 0:02:51]} 11. e4 {[%clk 0:02:43]}  Be6 {[%clk 0:02:51]} 12. Ne3 {[%clk 0:02:42]}  Nb4 {[%clk 0:02:49]} 13. Ned5 {[%clk 0:02:16]}  Nbxd5 {[%clk 0:02:46]} 14. exd5 {[%clk 0:02:16]}  Nxd5 {[%clk 0:02:43]} 15. Qb3 {[%clk 0:02:09]}  Nf4 {[%clk 0:02:36]} 16. Qxb7 {[%clk 0:02:00]}  Nxg2 {[%clk 0:02:34]} 17. Qxg2 {[%clk 0:01:57]}  Qxd3 {[%clk 0:02:31]} 18. Be3 {[%clk 0:01:56]}  Rad8 {[%clk 0:02:19]} 19. Qc6 {[%clk 0:01:39]}  Bh3 {[%clk 0:01:58]} 20. Rfd1 {[%clk 0:01:34]}  Qc2 {[%clk 0:01:54]} 21. Bxc5 {[%clk 0:00:44]}  Bxc5 {[%clk 0:01:48]} 22. Qxc5 {[%clk 0:00:45]}  Qxb2 {[%clk 0:01:43]} 23. Qc4+ {[%clk 0:00:41]}  Kh8 {[%clk 0:01:39]} 24. Rab1 {[%clk 0:00:36]}  Rxd1+ {[%clk 0:01:25]} 25. Rxd1 {[%clk 0:00:37]}  h6 {[%clk 0:01:20]} 26. Nd5 {[%clk 0:00:23]}  Rb8 {[%clk 0:01:07]} 27. Qd3 {[%clk 0:00:15]}  Qxa2 {[%clk 0:01:00]} 28. Ne7 {[%clk 0:00:14]}  f5 {[%clk 0:00:30]} 29. Ng6+ {[%clk 0:00:12]}  Kh7 {[%clk 0:00:26]} 30. Nxe5 {[%clk 0:00:09]}  Rb2 {[%clk 0:00:24]} 31. Qf3 {[%clk 0:00:04]}  Qa4 {[%clk 0:00:19]} 32. Nd3 {[%clk 0:00:02]}  Rb3 {[%clk 0:00:14]} 33. Qf4 {[%clk 0:00:02]}  Rxd3 {[%clk 0:00:07]} 34. Rxd3 {[%clk 0:00:01]}  Qa1+ {[%clk 0:00:06]} 35. Qc1 {[%clk 0:00:01]}  Qxc1+ {[%clk 0:00:06]} 36. Rd1 {[%clk 0:00:02]}  Qxd1# {[%clk 0:00:06]} 0-1

[Event "April 9 Early 2024"]
[Site "Chess.com"]
[Date "2024.04.09"]
[Round "8"]
[White "Ram, Jwalanthi"]
[Black "Roberts, Tallulah"]
[Result "1-0"]
[Board "209"]
[WhiteFideId "30981301"]
[BlackFideId "15600572"]
[WhiteTitle "WCM"]
[BlackTitle "WCM"]
[WhiteElo "2233"]
[BlackElo "1551"]
[WhiteTeam "USA"]
[BlackTeam "JCI"]
[WhiteClock "0:00:07"]
[BlackClock "0:00:14"]
[Variant "Standard"]

1. c4 {[%clk 0:03:00]}  e5 {[%clk 0:02:58]} 2. Nc3 {[%clk 0:03:00]}  Bb4 {[%clk 0:02:55]} 3. g3 {[%clk 0:03:00]}  Bxc3 {[%clk 0:02:54]} 4. bxc3 {[%clk 0:03:00]}  Nf6 {[%clk 0:02:45]} 5. Bg2 {[%clk 0:03:00]}  c6 {[%clk 0:02:40]} 6. Nf3 {[%clk 0:02:56]}  O-O {[%clk 0:02:39]} 7. Nxe5 {[%clk 0:02:51]}  Re8 {[%clk 0:02:33]} 8. Nf3 {[%clk 0:02:50]}  d6 {[%clk 0:02:27]} 9. O-O {[%clk 0:02:48]}  Nbd7 {[%clk 0:02:24]} 10. d4 {[%clk 0:02:46]}  Nb6 {[%clk 0:02:24]} 11. Nd2 {[%clk 0:02:10]}  Bg4 {[%clk 0:02:18]} 12. f3 {[%clk 0:02:05]}  Be6 {[%clk 0:02:11]} 13. e4 {[%clk 0:01:50]}  Bxc4 {[%clk 0:02:00]} 14. Nxc4 {[%clk 0:01:50]}  Nxc4 {[%clk 0:02:01]} 15. Qd3 {[%clk 0:01:39]}  b5 {[%clk 0:01:58]} 16. Bg5 {[%clk 0:01:37]}  h6 {[%clk 0:01:54]} 17. Bd2 {[%clk 0:01:18]}  a5 {[%clk 0:01:48]} 18. Rfe1 {[%clk 0:01:02]}  Qc7 {[%clk 0:01:28]} 19. f4 {[%clk 0:01:00]}  Rad8 {[%clk 0:01:24]} 20. Qc2 {[%clk 0:00:54]}  Na3 {[%clk 0:01:18]} 21. Qc1 {[%clk 0:00:48]}  Nc4 {[%clk 0:01:17]} 22. e5 {[%clk 0:00:45]}  dxe5 {[%clk 0:01:08]} 23. fxe5 {[%clk 0:00:45]}  Nd5 {[%clk 0:01:03]} 24. Bxh6 {[%clk 0:00:37]}  gxh6 {[%clk 0:00:39]} 25. Qxh6 {[%clk 0:00:38]}  Qe7 {[%clk 0:00:35]} 26. Be4 {[%clk 0:00:31]}  f5 {[%clk 0:00:31]} 27. Bxf5 {[%clk 0:00:07]}  Qg7 {[%clk 0:00:26]} 28. Be6+ {[%clk 0:00:07]}  Kf8 {[%clk 0:00:21]} 29. Rf1+ {[%clk 0:00:07]}  Ke7 {[%clk 0:00:13]} 30. Qxg7+ {[%clk 0:00:07]}  Kxe6 {[%clk 0:00:14]} 31. Qf7# {[%clk 0:00:07]} 1-0

[Event "April 9 Early 2024"]
[Site "Chess.com"]
[Date "2024.04.09"]
[Round "8"]
[White "Huayhuas Robles, Laura Sofia"]
[Black "Ivanov, Aleksandr"]
[Result "0-1"]
[Board "211"]
[WhiteFideId "3836517"]
[BlackFideId "2092980"]
[WhiteTitle "WCM"]
[WhiteElo "1835"]
[BlackElo "2199"]
[WhiteTeam "PER"]
[BlackTeam "USA"]
[WhiteClock "0:00:00"]
[BlackClock "0:01:33"]
[Variant "Standard"]

1. d4 {[%clk 0:03:00]}  d5 {[%clk 0:02:59]} 2. c4 {[%clk 0:03:01]}  e6 {[%clk 0:02:59]} 3. Nc3 {[%clk 0:03:01]}  c6 {[%clk 0:02:58]} 4. cxd5 {[%clk 0:03:01]}  exd5 {[%clk 0:02:58]} 5. Nf3 {[%clk 0:02:59]}  Bf5 {[%clk 0:02:58]} 6. Qb3 {[%clk 0:02:43]}  Qb6 {[%clk 0:02:57]} 7. Bf4 {[%clk 0:02:29]}  Nf6 {[%clk 0:02:51]} 8. e3 {[%clk 0:02:28]}  Nbd7 {[%clk 0:02:48]} 9. Ne5 {[%clk 0:02:15]}  h6 {[%clk 0:02:45]} 10. Be2 {[%clk 0:01:54]}  Be7 {[%clk 0:02:45]} 11. O-O {[%clk 0:01:53]}  O-O {[%clk 0:02:44]} 12. Rfc1 {[%clk 0:01:17]}  Rfe8 {[%clk 0:02:41]} 13. h3 {[%clk 0:01:15]}  Nf8 {[%clk 0:02:32]} 14. Na4 {[%clk 0:01:01]}  Qxb3 {[%clk 0:02:29]} 15. axb3 {[%clk 0:01:02]}  N6d7 {[%clk 0:02:21]} 16. Nc5 {[%clk 0:00:31]}  Bxc5 {[%clk 0:02:14]} 17. dxc5 {[%clk 0:00:32]}  Nxe5 {[%clk 0:02:14]} 18. Bxe5 {[%clk 0:00:31]}  Rxe5 {[%clk 0:02:14]} 19. Ra5 {[%clk 0:00:31]}  Ree8 {[%clk 0:02:07]} 20. Rca1 {[%clk 0:00:31]}  a6 {[%clk 0:02:08]} 21. b4 {[%clk 0:00:30]}  Rac8 {[%clk 0:02:01]} 22. R5a3 {[%clk 0:00:20]}  Nd7 {[%clk 0:01:58]} 23. g4 {[%clk 0:00:18]}  Be4 {[%clk 0:01:58]} 24. f3 {[%clk 0:00:18]}  Bg6 {[%clk 0:01:57]} 25. Kf2 {[%clk 0:00:18]}  Re7 {[%clk 0:01:53]} 26. f4 {[%clk 0:00:14]}  f5 {[%clk 0:01:49]} 27. Bd3 {[%clk 0:00:07]}  Rf8 {[%clk 0:01:44]} 28. Re1 {[%clk 0:00:04]}  Kh7 {[%clk 0:01:42]} 29. Kg3 {[%clk 0:00:03]}  fxg4 {[%clk 0:01:42]} 30. Bxg6+ {[%clk 0:00:02]}  Kxg6 {[%clk 0:01:42]} 31. hxg4 {[%clk 0:00:03]}  Re4 {[%clk 0:01:41]} 32. f5+ {[%clk 0:00:01]}  Kf6 {[%clk 0:01:38]} 33. Rh1 {[%clk 0:00:01]}  Rfe8 {[%clk 0:01:38]} 34. Kf3 {[%clk 0:00:02]}  Ne5+ {[%clk 0:01:38]} 35. Ke2 {[%clk 0:00:02]}  Nc4 {[%clk 0:01:37]} 36. Rc3 {[%clk 0:00:01]}  Rxe3+ {[%clk 0:01:37]} 37. Rxe3 {[%clk 0:00:02]}  Rxe3+ {[%clk 0:01:37]} 38. Kf2 {[%clk 0:00:03]}  Rb3 {[%clk 0:01:36]} 39. Re1 {[%clk 0:00:03]}  Rxb2+ {[%clk 0:01:36]} 40. Kg3 {[%clk 0:00:03]}  Ne5 {[%clk 0:01:34]} 41. Kf4 {[%clk 0:00:02]}  Rxb4+ {[%clk 0:01:34]} 42. Kg3 {[%clk 0:00:01]}  Rxg4+ {[%clk 0:01:34]} 43. Kh3 {[%clk 0:00:02]}  Rf4 {[%clk 0:01:33]} 44. Kg3 {[%clk 0:00:00]}  Rxf5 {[%clk 0:01:33]} 0-1

[Event "April 9 Early 2024"]
[Site "Chess.com"]
[Date "2024.04.09"]
[Round "8"]
[White "Quirke, Jeffrey"]
[Black "Fernandez Lopez, Ruben"]
[Result "1-0"]
[Board "214"]
[WhiteFideId "2013029"]
[BlackFideId "24518298"]
[BlackTitle "FM"]
[WhiteElo "2212"]
[BlackElo "2548"]
[WhiteTeam "USA"]
[BlackTeam "ESP"]
[WhiteClock "0:02:02"]
[BlackClock "0:02:30"]
[Variant "Standard"]

1. e4 {[%clk 0:03:00]}  c5 {[%clk 0:02:58]} 2. c3 {[%clk 0:03:00]}  e5 {[%clk 0:02:55]} 3. Nf3 {[%clk 0:02:56]}  Nc6 {[%clk 0:02:51]} 4. d4 {[%clk 0:02:54]}  cxd4 {[%clk 0:02:50]} 5. cxd4 {[%clk 0:02:54]}  exd4 {[%clk 0:02:49]} 6. Nxd4 {[%clk 0:02:53]}  Nf6 {[%clk 0:02:50]} 7. Nc3 {[%clk 0:02:52]}  Bb4 {[%clk 0:02:42]} 8. Bc4 {[%clk 0:02:38]}  Qa5 {[%clk 0:02:36]} 9. O-O {[%clk 0:02:36]}  Bxc3 {[%clk 0:02:36]} 10. bxc3 {[%clk 0:02:34]}  Qxc3 {[%clk 0:02:37]} 11. Nf5 {[%clk 0:02:07]}  Qxc4 {[%clk 0:02:30]} 12. Nd6+ {[%clk 0:02:02]} 1-0

[Event "April 9 Early 2024"]
[Site "Chess.com"]
[Date "2024.04.09"]
[Round "8"]
[White "Dahlgren, James Allen"]
[Black "Omariev, Maksim"]
[Result "0-1"]
[Board "215"]
[WhiteFideId "22256873"]
[BlackFideId "4193423"]
[BlackTitle "FM"]
[WhiteElo "2212"]
[BlackElo "2393"]
[WhiteTeam "ESP"]
[BlackTeam "RUS"]
[WhiteClock "0:00:19"]
[BlackClock "0:01:44"]
[Variant "Standard"]

1. d3 {[%clk 0:03:00]}  b6 {[%clk 0:02:58]} 2. f4 {[%clk 0:03:01]}  a6 {[%clk 0:02:59]} 3. e4 {[%clk 0:02:57]}  c6 {[%clk 0:02:59]} 4. Nf3 {[%clk 0:02:58]}  d6 {[%clk 0:03:00]} 5. c4 {[%clk 0:02:59]}  e6 {[%clk 0:03:01]} 6. Nc3 {[%clk 0:02:59]}  f6 {[%clk 0:03:02]} 7. Be2 {[%clk 0:02:59]}  g6 {[%clk 0:03:03]} 8. O-O {[%clk 0:02:59]}  h6 {[%clk 0:03:04]} 9. Be3 {[%clk 0:03:00]}  Bb7 {[%clk 0:03:02]} 10. Qd2 {[%clk 0:03:00]}  Bg7 {[%clk 0:03:03]} 11. d4 {[%clk 0:03:00]}  Ne7 {[%clk 0:03:03]} 12. e5 {[%clk 0:03:01]}  dxe5 {[%clk 0:02:46]} 13. fxe5 {[%clk 0:03:01]}  f5 {[%clk 0:02:47]} 14. Rad1 {[%clk 0:02:54]}  Nd7 {[%clk 0:02:44]} 15. Bf4 {[%clk 0:02:24]}  g5 {[%clk 0:02:42]} 16. Bxg5 {[%clk 0:02:06]}  hxg5 {[%clk 0:02:42]} 17. Qxg5 {[%clk 0:02:07]}  Kf7 {[%clk 0:02:16]} 18. Nh4 {[%clk 0:01:48]}  Qg8 {[%clk 0:02:00]} 19. Bh5+ {[%clk 0:01:43]}  Kf8 {[%clk 0:01:59]} 20. Ng6+ {[%clk 0:01:08]}  Nxg6 {[%clk 0:01:57]} 21. Bxg6 {[%clk 0:01:08]}  Bh6 {[%clk 0:01:45]} 22. Qh5 {[%clk 0:00:33]}  Be3+ {[%clk 0:01:43]} 23. Kh1 {[%clk 0:00:19]}  Rxh5 {[%clk 0:01:44]} 0-1